000 00776nam a22002057a 4500
005 20180827103456.0
010 _aENG-123767
020 _c160.00
_a9789386262103
035 _aEN-107299
037 _bDBAD/PUB
082 _a373.11020954
100 _aToor, Kamalpreet Kaur
245 _aBeing an effective teacher:
_cby Kamalpreet Kaur Toor
_brole of psychological dimensions /
260 _aDelhi
_bShipra Publications
_c2017
270 _aLG 18-19,Pankaj Central Market I.P.Ext.,Patparganj
_bDelhi
_e110092
_k91 11 22235152/ 6152
_mwww.shiprapublication.com
300 _a178p.
_c21cm(pbk)
500 _aIt includes glossary, bibliography and index
500 _a(Study of Secondary School teachers in Punjab)
942 _2ddc
_cEN
_mTOO
_h373.11020954
999 _c156357
_d156357